Essays in persuasion / (Record no. 16367)
[ view plain ]
| 000 -LEADER | |
|---|---|
| fixed length control field | 01193cam a2200325 a 4500 |
| 001 - CONTROL NUMBER | |
| control field | 16573418 |
| 005 - DATE AND TIME OF LATEST TRANSACTION | |
| control field | 20161214112726.0 |
| 008 - FIXED-LENGTH DATA ELEMENTS--GENERAL INFORMATION | |
| fixed length control field | 101209s2010 enk b 001 0 eng |
| 020 ## - INTERNATIONAL STANDARD BOOK NUMBER | |
| International Standard Book Number | 9780230249578 (pbk.) |
| 020 ## - INTERNATIONAL STANDARD BOOK NUMBER | |
| International Standard Book Number | 0230249574 (pbk.) |
| 040 ## - CATALOGING SOURCE | |
| Original cataloging agency | UKM |
| Transcribing agency | UKM |
| Modifying agency | YDXCP |
| -- | CDX |
| -- | DLC |
| 082 04 - DEWEY DECIMAL CLASSIFICATION NUMBER | |
| Classification number | 330.904 |
| Edition number | 22 |
| Item number | KEY |
| 100 1# - MAIN ENTRY--PERSONAL NAME | |
| Personal name | Keynes, John Maynard, |
| Dates associated with a name | 1883-1946. |
| 9 (RLIN) | 28523 |
| 245 10 - TITLE STATEMENT | |
| Title | Essays in persuasion / |
| Statement of responsibility, etc | John Maynard Keynes ; with a new introduction by Donald Moggridge. |
| 250 ## - EDITION STATEMENT | |
| Edition statement | New ed. |
| 260 ## - PUBLICATION, DISTRIBUTION, ETC. (IMPRINT) | |
| Place of publication, distribution, etc | Basingstoke ; |
| -- | New York : |
| Name of publisher, distributor, etc | Palgrave Macmillan, |
| Date of publication, distribution, etc | c2010. |
| 300 ## - PHYSICAL DESCRIPTION | |
| Extent | l, 451 p. ; |
| Dimensions | 24 cm. |
| 500 ## - GENERAL NOTE | |
| General note | Published for the Royal Economic Society. |
| 504 ## - BIBLIOGRAPHY, ETC. NOTE | |
| Bibliography, etc | Includes bibliographical references (p. xlviii-xlix) and index. |
| 630 00 - SUBJECT ADDED ENTRY--UNIFORM TITLE | |
| Uniform title | Treaty of Versailles |
| Date of treaty signing | (1919) |
| 9 (RLIN) | 28524 |
| 650 #0 - SUBJECT ADDED ENTRY--TOPICAL TERM | |
| Topical term or geographic name as entry element | Economic history |
| Chronological subdivision | 1918-1945. |
| 9 (RLIN) | 28525 |
| 650 #0 - SUBJECT ADDED ENTRY--TOPICAL TERM | |
| Topical term or geographic name as entry element | Currency question. |
| 9 (RLIN) | 28526 |
| 650 #0 - SUBJECT ADDED ENTRY--TOPICAL TERM | |
| Topical term or geographic name as entry element | Currency question |
| Geographic subdivision | Great Britain. |
| 9 (RLIN) | 28527 |
| 650 #0 - SUBJECT ADDED ENTRY--TOPICAL TERM | |
| Topical term or geographic name as entry element | Gold. |
| 9 (RLIN) | 28528 |
| 653 ## - INDEX TERM--UNCONTROLLED | |
| Resource For college | |
| Arrived date list | February2012 |
| 650 #0 - SUBJECT ADDED ENTRY--TOPICAL TERM | |
| 9 (RLIN) | 28529 |
| Topical term or geographic name as entry element | Inflation (Finance) |
| 710 2# - ADDED ENTRY--CORPORATE NAME | |
| Corporate name or jurisdiction name as entry element | Royal Economic Society (Great Britain) |
| 9 (RLIN) | 28530 |
| 942 ## - ADDED ENTRY ELEMENTS (KOHA) | |
| Source of classification or shelving scheme | Dewey Decimal Classification |
| Item type | Book - Borrowing |
| Withdrawn status | Item status | Source of classification or shelving scheme | Damaged status | Not for loan | Vendor | Home library | Current library | Shelving location | Date acquired | Source of acquisition | Cost, normal purchase price | Serial Enumeration / chronology | Total Checkouts | Total Renewals | Full call number | Barcode | Date last seen | Date last borrowed | Koha item type |
|---|---|---|---|---|---|---|---|---|---|---|---|---|---|---|---|---|---|---|---|
| Dewey Decimal Classification | Baccah | Central Library | Central Library | First floor | 01/02/2012 | 256.00 | 13955 | 4 | 10 | 330.904 KEY | 000025958 | 15/07/2025 | 02/08/2022 | Book - Borrowing |